[Event "Pan American-ch School U17 12th"]
[Site "Callao"]
[Date "2023.10.19"]
[Round "7"]
[White "Ramos Proano, Leonardo Josue"]
[Black "Chilan Villa, Andres Jesus"]
[Result "1-0"]
[WhiteElo "1601"]
[BlackElo "1835"]
[PlyCount "56"]
[EventDate "2023.10.16"]
[EventType "swiss"]
[EventRounds "9"]
[EventCountry "PER"]
[SourceTitle "Mega2024 Update 01"]
[Source "Chessbase"]
[SourceDate "2023.11.12"]
[SourceVersion "1"]
[SourceVersionDate "2023.11.12"]
[SourceQuality "1"]

1. d4 Nf6 2. f4 c5 3. e3 g6 4. Nf3 Bg7 5. c3 0-0 6. Bd3 d6 7. 0-0 Qc7 8. e4 e6 9. Na3 a6 10. e5 dxe5 11. dxe5 Nd5 12. Nc4 Bd7 13. h4 b5 14. Nd6 c4 15. Be4 Qc5+ 16. Qd4 Qxd4+ 17. Nxd4 Nc6 18. Nf3 f6 19. Rd1 fxe5 20. Rxd5 exd5 21. Bxd5+ Kh8 22. Ng5 Bf6 23. Ngf7+ Kg8 24. Nxe5+ Kg7 25. Nxd7 Be7 26. Bxc6 Bxd6 27. Bxa8 Rxa8 28. Be3 Rd8 1-0

[Event "ECU-ch"]
[Site "Quito"]
[Date "2023.06.21"]
[Round "1"]
[White "Munoz Sanchez, Jhon Marcelo"]
[Black "Ramos Proano, Leonardo Josue"]
[Result "1-0"]
[WhiteElo "2132"]
[BlackElo "1480"]
[PlyCount "62"]
[EventDate "2023.06.21"]
[EventType "swiss"]
[EventRounds "9"]
[EventCountry "ECU"]
[SourceTitle "CBM 215 Extra"]
[Source "ChessBase"]
[SourceDate "2023.09.30"]
[SourceVersion "1"]
[SourceVersionDate "2023.09.30"]
[SourceQuality "1"]

1. d4 d5 2. c4 e6 3. Nf3 c6 4. g3 f5 5. Bg2 Nf6 6. 0-0 Bd6 7. b3 Qe7 8. Bb2 Nbd7 9. Nbd2 0-0 10. Ne5 g5 11. Nd3 h5 12. Nf3 Qg7 13. Nfe5 Ng4 14. Qc1 Be7 15. Kh1 Bf6 16. f3 Ngxe5 17. dxe5 Be7 18. b4 Nb6 19. cxd5 cxd5 20. Bd4 g4 21. Nf4 Qh6 22. Nxd5 Bg5 23. f4 Nxd5 24. fxg5 Qg7 25. e4 fxe4 26. Bxe4 Rxf1+ 27. Qxf1 Nxb4 28. Qf6 Nc6 29. Bc5 b6 30. Bd6 Bb7 31. g6 Re8 1-0

[Event "Preinscritos IRT Online"]
[Site "Chess.com INT"]
[Date "2020.12.26"]
[Round "3"]
[White "Ramos Proano, Leonardo Josue"]
[Black "Fernandez Reyes, Lisandro"]
[Result "0-1"]
[WhiteElo "1957"]
[BlackElo "2413"]
[PlyCount "22"]
[EventDate "2020.12.26"]
[EventType "swiss"]
[EventRounds "11"]
[EventCountry "ECU"]
[SourceTitle "CBM 200 Extra"]
[Source "ChessBase"]
[SourceDate "2021.03.31"]
[SourceVersion "1"]
[SourceVersionDate "2021.03.31"]
[SourceQuality "1"]

1. f4 e5 2. fxe5 d6 3. exd6 Bxd6 4. Nf3 Nf6 5. d3 Ng4 6. g3 0-0 7. Bf4 Bxf4 8. gxf4 Ne3 9. Qd2 Re8 10. Nc3 Bg4 11. Ne5 Qh4# 0-1

[Event "ECU Clasif2 U20"]
[Site "Chess.com INT"]
[Date "2020.12.18"]
[Round "6"]
[White "Mollo, Jhoan"]
[Black "Ramos Proano, Leonardo Josue"]
[Result "0-1"]
[WhiteElo "2073"]
[BlackElo "1737"]
[PlyCount "116"]
[EventDate "2020.12.18"]
[EventType "swiss"]
[EventRounds "9"]
[EventCountry "ECU"]
[SourceTitle "EXT 2022"]
[Source "ChessBase"]
[SourceDate "2021.10.06"]
[SourceVersion "1"]
[SourceVersionDate "2021.10.06"]
[SourceQuality "1"]

1. d4 f5 2. Bf4 Nf6 3. e3 d6 4. h3 c6 5. Nd2 Qc7 6. Ngf3 g6 7. Be2 Bg7 8. 0-0 Nbd7 9. c4 e5 10. Bh2 0-0 11. Rc1 e4 12. Ne1 Rd8 13. b4 a5 14. b5 Bf8 15. a4 Be7 16. c5 Nf8 17. Nb3 Be6 18. Bc4 Qd7 19. cxd6 Bxd6 20. Bxd6 Qxd6 21. Qc2 Rac8 22. Nc5 Qe7 23. Bxe6+ Nxe6 24. Qb3 Nd5 25. Nxe6 Qxe6 26. Nc2 Kf7 27. Na3 Nb4 28. Nc4 cxb5 29. axb5 Nd3 30. Rc2 Kf6 31. Ra1 b6 32. Rb1 Nb4 33. Rc3 Nd5 34. Rcc1 Nb4 35. Ne5 Qxb3 36. Rxb3 Rxc1+ 37. Kh2 Rd5 38. g4 Rxe5 39. g5+ Ke6 40. dxe5 Kxe5 41. h4 Nd3 42. Kg2 a4 43. Ra3 Rc4 44. Ra1 Rb4 45. f3 Rxb5 46. h5 Rb2+ 47. Kg3 gxh5 48. Rxa4 Ne1 49. f4+ Kd5 50. Ra7 Rg2+ 51. Kh3 Re2 52. Rxh7 Rxe3+ 53. Kh4 Rf3 54. g6 Rxf4+ 55. Kxh5 Rg4 56. Rf7 Ke5 57. Rb7 Nf3 58. Rxb6 Rh4# 0-1

[Event "ECU Clasif2 U20"]
[Site "Chess.com INT"]
[Date "2020.12.18"]
[Round "9"]
[White "Murillo Coloma, Sergio Andres"]
[Black "Ramos Proano, Leonardo Josue"]
[Result "0-1"]
[WhiteElo "1431"]
[BlackElo "1737"]
[PlyCount "160"]
[EventDate "2020.12.18"]
[EventType "swiss"]
[EventRounds "9"]
[EventCountry "ECU"]
[SourceTitle "EXT 2022"]
[Source "ChessBase"]
[SourceDate "2021.10.06"]
[SourceVersion "1"]
[SourceVersionDate "2021.10.06"]
[SourceQuality "1"]

1. c4 f5 2. e3 Nf6 3. Nf3 d6 4. d4 c6 5. Be2 Qc7 6. 0-0 g6 7. Nc3 Bg7 8. b3 e5 9. dxe5 dxe5 10. Bb2 0-0 11. Rc1 h6 12. Qc2 Be6 13. Rfd1 Nbd7 14. Na4 Rfd8 15. h3 Kh7 16. Ba3 Bf8 17. Bxf8 Nxf8 18. Nc5 Bf7 19. Rxd8 Rxd8 20. Rd1 Ne6 21. Nxe6 Rxd1+ 22. Qxd1 Bxe6 23. c5 Ne4 24. Qc2 Qa5 25. Nxe5 Qxc5 26. Qxc5 Nxc5 27. Bc4 Kg7 28. Bxe6 Nxe6 29. Kf1 Kf6 30. Nc4 Nc5 31. b4 Ne6 32. Ke2 Nd8 33. a3 Ke6 34. Kd3 Kd5 35. Nd2 Nf7 36. Nb3 Ne5+ 37. Kc3 Nc4 38. a4 b6 39. Nd4 Nd6 40. Nf3 Ne4+ 41. Kb3 g5 42. Nd4 f4 43. Ne2 f3 44. gxf3 Nd2+ 45. Kc2 Nxf3 46. Ng3 Ng1 47. Nf5 h5 48. h4 g4 49. Ng7 Nf3 50. Nxh5 Nxh4 51. Ng3 Nf3 52. Kd3 c5 53. bxc5 Kxc5 54. Kc3 Kd5 55. Kd3 Ne1+ 56. Kc3 Nf3 57. Kb4 Ne1 58. Kb5 Nd3 59. Ka6 Nxf2 60. Kxa7 Kc5 61. Ka6 Nd3 62. Ne4+ Kb4 63. Kxb6 Ne5 64. Kc7 Kxa4 65. Kd6 Nf3 66. Nf6 g3 67. e4 g2 68. e5 Nxe5 69. Kxe5 g1Q 70. Ke6 Qe1+ 71. Kf7 Kb5 72. Kg6 Kc6 73. Kf5 Qf1+ 74. Kg6 Kd6 75. Ng4 Qg1 76. Kg5 Ke6 77. Kf4 Qd4+ 78. Kg5 Qd2+ 79. Kh4 Kf5 80. Ne3+ Qxe3 0-1

[Event "ECU Clasif2 U20"]
[Site "Chess.com INT"]
[Date "2020.12.18"]
[Round "5"]
[White "Ramos Proano, Leonardo Josue"]
[Black "Gonzalez Lituma, Gabriel Fernando"]
[Result "1-0"]
[WhiteElo "1737"]
[BlackElo "1575"]
[PlyCount "83"]
[EventDate "2020.12.18"]
[EventType "swiss"]
[EventRounds "9"]
[EventCountry "ECU"]
[SourceTitle "EXT 2022"]
[Source "ChessBase"]
[SourceDate "2021.10.06"]
[SourceVersion "1"]
[SourceVersionDate "2021.10.06"]
[SourceQuality "1"]

1. f4 d5 2. Nf3 g6 3. d3 Bg7 4. g3 b6 5. Bg2 Bb7 6. c3 Nf6 7. Qc2 0-0 8. 0-0 e6 9. Nbd2 c5 10. e4 Nc6 11. e5 Nd7 12. d4 Rc8 13. Qd3 Qc7 14. Qe3 a5 15. Nb1 Ba6 16. Re1 cxd4 17. Nxd4 Nxd4 18. Qxd4 Nc5 19. Bf1 Bxf1 20. Rxf1 f6 21. Re1 fxe5 22. fxe5 Rf5 23. Bf4 g5 24. Be3 Bxe5 25. Qd2 Re8 26. Qg2 Nd3 27. Re2 Ref8 28. Nd2 h6 29. Nb3 Qf7 30. Bxb6 a4 31. Nd4 Bxd4+ 32. Bxd4 e5 33. Be3 Rb8 34. Rd1 e4 35. Rdd2 Ne5 36. Bd4 Nf3+ 37. Kh1 Nxd2 38. Rxd2 Rf1+ 39. Bg1 Rd8 40. Rd4 e3 41. Qe2 Re8 42. Kg2 1-0

[Event "ECU Clasif2 U20"]
[Site "Chess.com INT"]
[Date "2020.12.18"]
[Round "8"]
[White "Ramos Proano, Leonardo Josue"]
[Black "Hernandez Diaz, Paula Sofia"]
[Result "0-1"]
[WhiteElo "1737"]
[BlackElo "1329"]
[PlyCount "152"]
[EventDate "2020.12.18"]
[EventType "swiss"]
[EventRounds "9"]
[EventCountry "ECU"]
[SourceTitle "EXT 2022"]
[Source "ChessBase"]
[SourceDate "2021.10.06"]
[SourceVersion "1"]
[SourceVersionDate "2021.10.06"]
[SourceQuality "1"]

1. f4 c5 2. Nf3 Nc6 3. d3 d5 4. c3 Nf6 5. Qc2 Bf5 6. g3 g6 7. Bg2 Bg7 8. Nbd2 d4 9. 0-0 0-0 10. Nh4 Be6 11. Ne4 Bd5 12. e3 Nxe4 13. dxe4 Bc4 14. Rd1 d3 15. Qd2 Ba6 16. b3 c4 17. bxc4 Bxc4 18. Bf1 Qb6 19. Bxd3 Bxd3 20. Qxd3 Rad8 21. Qc2 Rxd1+ 22. Qxd1 Bxc3 23. Bd2 Rd8 24. Rb1 Rxd2 25. Qe1 Rb2 26. Rxb2 Qxb2 27. Qd1 Qxa2 28. f5 Qc4 29. fxg6 hxg6 30. Qg4 Bg7 31. Nf3 Qc1+ 32. Kf2 Nd8 33. Qh4 Qc2+ 34. Kg1 Qc5 35. Kf2 Qh5 36. Qf4 Qc5 37. g4 e5 38. Qg5 Ne6 39. Qh4 Qc2+ 40. Kg3 Qxe4 41. Qe7 Qxe3 42. Kg2 Nf4+ 43. Kg3 Ne2+ 44. Kg2 e4 45. Nh4 Nf4+ 46. Kf1 Qh3+ 47. Kf2 Nd3+ 48. Ke2 Qxh2+ 49. Ke3 Qg3+ 50. Kxe4 Qe5+ 51. Qxe5 Nxe5 52. g5 Nc6 53. Kd5 a5 54. Kc4 a4 55. Nf3 a3 56. Kb3 Nd4+ 57. Nxd4 Bxd4 58. Kxa3 Kf8 59. Kb4 b6 60. Kc4 Bc5 61. Kb5 Ke7 62. Kc6 Ke6 63. Kb5 Kf5 64. Kc6 Kxg5 65. Kd5 f5 66. Kc4 f4 67. Kd3 f3 68. Kd2 f2 69. Ke2 b5 70. Kf1 b4 71. Kg2 b3 72. Kf1 b2 73. Kg2 Kf4 74. Kh2 b1Q 75. Kg2 f1Q+ 76. Kh2 Qc2# 0-1

[Event "ECU Clasif1 U20"]
[Site "Chess.com INT"]
[Date "2020.12.17"]
[Round "8"]
[White "Ramos Proano, Leonardo Josue"]
[Black "Hernandez Diaz, Paula Sofia"]
[Result "1-0"]
[WhiteElo "1737"]
[BlackElo "1329"]
[PlyCount "121"]
[EventDate "2020.12.17"]
[EventType "swiss"]
[EventRounds "9"]
[EventCountry "ECU"]
[SourceTitle "EXT 2022"]
[Source "ChessBase"]
[SourceDate "2021.10.06"]
[SourceVersion "1"]
[SourceVersionDate "2021.10.06"]
[SourceQuality "1"]

1. f4 d5 2. Nf3 c5 3. e3 Nc6 4. d4 e6 5. c3 Nf6 6. Bd3 Be7 7. 0-0 Ne4 8. Nbd2 f5 9. Ne5 0-0 10. Ndf3 Bf6 11. Qc2 Qb6 12. Kh1 Qc7 13. b3 b6 14. Ba3 Re8 15. Nxc6 Qxc6 16. Ne5 Qc7 17. Bb5 Re7 18. c4 Bxe5 19. fxe5 a6 20. Ba4 dxc4 21. bxc4 Rf7 22. Bb2 Bb7 23. Bb3 cxd4 24. exd4 Rc8 25. Qd3 Rd8 26. Qe3 Ba8 27. Rad1 f4 28. Qe2 Ng5 29. d5 Qd7 30. Bc1 f3 31. gxf3 Qe7 32. Qg2 Rf5 33. Rg1 h6 34. f4 Nh7 35. Bc2 Rf7 36. Bg6 Rff8 37. Qe4 exd5 38. Bxh7+ Kh8 39. cxd5 Bxd5 40. Rxd5 Rxd5 41. Qxd5 Kxh7 42. Qe4+ Kh8 43. f5 Re8 44. Bf4 Qf7 45. Qg2 Rc8 46. h3 Qe7 47. Kh2 Qd7 48. Qg6 Rc2+ 49. Rg2 Rc8 50. f6 gxf6 51. Qxh6+ Qh7 52. Qxh7+ Kxh7 53. exf6 Rf8 54. Rg7+ Kh8 55. Be5 Rd8 56. f7 Rf8 57. Rg8+ Kh7 58. Rxf8 b5 59. Rg8 a5 60. f8Q b4 61. Qg7# 1-0

[Event "ECU-ch Schools U15 Clas2"]
[Site "Chess.com INT"]
[Date "2020.11.07"]
[Round "2"]
[White "Cajamarca Gordillo, Sebastian Alejandro"]
[Black "Ramos Proano, Leonardo Josue"]
[Result "0-1"]
[WhiteElo "1224"]
[BlackElo "1737"]
[PlyCount "138"]
[EventDate "2020.11.07"]
[EventType "swiss"]
[EventRounds "9"]
[EventCountry "ECU"]
[SourceTitle "EXT 2022"]
[Source "ChessBase"]
[SourceDate "2021.10.06"]
[SourceVersion "1"]
[SourceVersionDate "2021.10.06"]
[SourceQuality "1"]

1. d4 f5 2. c4 Nf6 3. Nd2 e6 4. g3 d5 5. b3 c6 6. Bg2 Bd6 7. Ndf3 Nbd7 8. Nh3 e5 9. dxe5 Nxe5 10. 0-0 0-0 11. cxd5 Nxd5 12. Nxe5 Bxe5 13. Bxd5+ cxd5 14. Rb1 b6 15. Bb2 d4 16. e3 Qd5 17. Bxd4 Bb7 18. f3 Rad8 19. Bxe5 Qxe5 20. Qe2 Rfe8 21. Rfe1 Rd7 22. Kf2 Qa5 23. Rbd1 Rde7 24. Qd2 Qc5 25. Qd4 Qc6 26. Ng1 Qh6 27. h4 Qe6 28. Qc4 Qxc4 29. bxc4 Rc8 30. Rd4 Rec7 31. Rc1 Ba6 32. Nh3 Bxc4 33. Ng5 h6 34. Nh3 Bxa2 35. Rxc7 Rxc7 36. Ra4 Rc2+ 37. Ke1 a5 38. Nf4 Bf7 39. Kd1 Rf2 40. h5 Bb3+ 41. Ke1 Rxf3 42. Rd4 Rxe3+ 43. Kf2 Re8 44. Rd7 b5 45. Ng6 Be6 46. Ra7 a4 47. Rb7 Kh7 48. Rxb5 Ra8 49. Rb2 a3 50. Rb1 a2 51. Ra1 Rb8 52. Nf4 Rb1 53. Rxb1 axb1Q 54. Nxe6 Qa2+ 55. Kf3 Qxe6 56. Kf2 Qe4 57. Kg1 g5 58. Kh2 Qf3 59. Kg1 g4 60. Kh2 Kg7 61. Kg1 Kf6 62. Kh2 Ke5 63. Kg1 Ke4 64. Kh2 Kd3 65. Kg1 Qxg3+ 66. Kh1 Qf3+ 67. Kh2 g3+ 68. Kg1 Qf2+ 69. Kh1 Qh2# 0-1

[Event "ECU-ch Schools U15 Clas2"]
[Site "Chess.com INT"]
[Date "2020.11.07"]
[Round "9"]
[White "Ubilluz Pena, Jaiden Andres"]
[Black "Ramos Proano, Leonardo Josue"]
[Result "0-1"]
[WhiteElo "1324"]
[BlackElo "1737"]
[PlyCount "80"]
[EventDate "2020.11.07"]
[EventType "swiss"]
[EventRounds "9"]
[EventCountry "ECU"]
[SourceTitle "EXT 2022"]
[Source "ChessBase"]
[SourceDate "2021.10.06"]
[SourceVersion "1"]
[SourceVersionDate "2021.10.06"]
[SourceQuality "1"]

1. e4 g6 2. Nf3 Bg7 3. d4 e6 4. Nc3 Ne7 5. Be3 d5 6. e5 c5 7. dxc5 Nbc6 8. Bb5 0-0 9. Bxc6 Nxc6 10. Bd4 a6 11. a4 Qc7 12. 0-0 Nxe5 13. Nxe5 Bxe5 14. Bxe5 Qxe5 15. Re1 Qc7 16. b4 Bd7 17. Qd4 Rfc8 18. Rad1 a5 19. Re3 axb4 20. Qxb4 Qxc5 21. Qf4 Qf8 22. Rh3 e5 23. Qxe5 Bxh3 24. Nxd5 Qg7 25. Nf6+ Kh8 26. gxh3 Rc6 27. Rd6 Rxd6 28. Qxd6 Qf8 29. Qd7 Ra6 30. Ne8 Kg8 31. Qxb7 Re6 32. Nc7 Re1+ 33. Kg2 Qd8 34. Nd5 Qg5+ 35. Kf3 Qf5+ 36. Nf4 Kg7 37. Qb2+ Qe5 38. Qb4 g5 39. Nd3 Qe2+ 40. Kg3 Rg1# 0-1

[Event "ECU-ch U20"]
[Site "Guayaquil"]
[Date "2020.02.19"]
[Round "2"]
[White "Ramos Proano, Leonardo Josue"]
[Black "Sanchez Uriguen, Michael Edinson"]
[Result "1-0"]
[WhiteElo "1706"]
[BlackElo "1963"]
[PlyCount "53"]
[EventDate "2020.02.19"]
[EventType "swiss"]
[EventRounds "9"]
[EventCountry "ECU"]
[SourceTitle "CBM 195 Extra"]
[Source "ChessBase"]
[SourceDate "2020.05.31"]
[SourceVersion "1"]
[SourceVersionDate "2020.05.31"]
[SourceQuality "1"]

1. f4 Nf6 2. Nf3 d6 3. g3 c5 4. Bg2 g6 5. d3 Bg7 6. c3 Nc6 7. 0-0 0-0 8. e4 e6 9. h3 Rb8 10. g4 Ne8 11. Qe1 f5 12. exf5 exf5 13. Ng5 Nc7 14. Qg3 Qd7 15. gxf5 Qxf5 16. Nd2 d5 17. Ndf3 Qxd3 18. Nxh7 Re8 19. Nhg5 Bf5 20. Qh4 Re2 21. Ne1 Qc4 22. Bf3 Re7 23. Bg4 Bf6 24. Be2 Bxg5 25. Qxg5 Ne6 26. Qh4 Rh7 27. Qg3 1-0

[Event "Pan American-ch School U13"]
[Site "Medellin"]
[Date "2019.11.14"]
[Round "4"]
[White "Ballesteros Cardenas, Leonardo"]
[Black "Ramos Proano, Leonardo Josue"]
[Result "1-0"]
[WhiteElo "1871"]
[BlackElo "1707"]
[PlyCount "75"]
[EventDate "2019.11.12"]
[EventType "swiss"]
[EventRounds "9"]
[EventCountry "COL"]
[SourceTitle "CBM 193 Extra"]
[Source "ChessBase"]
[SourceDate "2020.01.31"]
[SourceVersion "1"]
[SourceVersionDate "2020.01.31"]
[SourceQuality "1"]

1. d4 f5 2. g3 g6 3. Bg2 Nf6 4. Nf3 Bg7 5. b3 d6 6. Bb2 c6 7. c4 0-0 8. 0-0 Bd7 9. Qc2 Qc7 10. Nbd2 Na6 11. Rac1 Bh6 12. Rfe1 f4 13. Qc3 Qb6 14. a3 Qc7 15. e4 fxe3 16. fxe3 Rab8 17. e4 Bg4 18. Rcd1 Nh5 19. Nf1 Qd7 20. e5 Qf5 21. Ne3 Bxe3+ 22. Rxe3 dxe5 23. Rxe5 Qd7 24. d5 Nf6 25. Rde1 Rbe8 26. Ng5 Nc7 27. Ne6 Nxe6 28. dxe6 Qc7 29. h3 Bd1 30. Rxd1 Rd8 31. Rxd8 Rxd8 32. Kh2 Rd1 33. Re1 Rd8 34. Rf1 Rf8 35. Qe3 Qd6 36. Bxf6 Rxf6 37. Rxf6 exf6 38. e7 1-0

[Event "Pan American-ch School U13"]
[Site "Medellin"]
[Date "2019.11.13"]
[Round "3"]
[White "Ramos Proano, Leonardo Josue"]
[Black "Mora Munoz, Alejandro"]
[Result "1-0"]
[WhiteElo "1707"]
[BlackElo "1457"]
[PlyCount "85"]
[EventDate "2019.11.12"]
[EventType "swiss"]
[EventRounds "9"]
[EventCountry "COL"]
[SourceTitle "CBM 193 Extra"]
[Source "ChessBase"]
[SourceDate "2020.01.31"]
[SourceVersion "1"]
[SourceVersionDate "2020.01.31"]
[SourceQuality "1"]

1. f4 e6 2. Nf3 c5 3. g3 Nc6 4. Bg2 Nf6 5. d3 d5 6. 0-0 Bd6 7. Nc3 0-0 8. e4 dxe4 9. dxe4 Be7 10. e5 Nd5 11. Ne4 b6 12. c3 Ba6 13. Re1 Qc7 14. Qc2 h6 15. a3 Na5 16. g4 c4 17. g5 Nb3 18. Rb1 hxg5 19. Nexg5 Bc5+ 20. Kh1 g6 21. Nxe6 fxe6 22. Qxg6+ Qg7 23. Qxe6+ Qf7 24. Ng5 Qxe6 25. Nxe6 Ne7 26. Be3 Bxe3 27. Rxe3 Kf7 28. Nc7 Nf5 29. Rh3 Rad8 30. e6+ Kf6 31. Nxa6 Rd3 32. Nb4 Rxh3 33. Bxh3 Kxe6 34. Re1+ Kf6 35. Nd5+ Kg6 36. Bxf5+ Kxf5 37. Re5+ Kg4 38. Kg2 Nc5 39. Rg5+ Kh4 40. Kf3 Nd3 41. Rg4+ Kh3 42. Rg7 a6 43. Rh7# 1-0

[Event "Pan American-ch School U13"]
[Site "Medellin"]
[Date "2019.11.12"]
[Round "1"]
[White "Ramos Proano, Leonardo Josue"]
[Black "Ospina Betancur, Santiago"]
[Result "1-0"]
[WhiteElo "1707"]
[BlackElo "1215"]
[PlyCount "79"]
[EventDate "2019.11.12"]
[EventType "swiss"]
[EventRounds "9"]
[EventCountry "COL"]
[SourceTitle "CBM 193 Extra"]
[Source "ChessBase"]
[SourceDate "2020.01.31"]
[SourceVersion "1"]
[SourceVersionDate "2020.01.31"]
[SourceQuality "1"]

1. f4 d5 2. Nf3 Bg4 3. e3 e6 4. Be2 Nf6 5. Ne5 Bxe2 6. Qxe2 Nbd7 7. 0-0 Bd6 8. d4 c6 9. Nd2 Qe7 10. c4 Rc8 11. c5 Bc7 12. b4 b6 13. Nxc6 Qf8 14. Qa6 Rb8 15. Qxa7 Rc8 16. Qb7 Rd8 17. Qxc7 Rc8 18. Qb7 Rd8 19. Nxd8 Kxd8 20. c6 Rg8 21. b5 Qd6 22. cxd7 Qxd7 23. Qxb6+ Ke8 24. Ba3 Qd8 25. Qxd8+ Kxd8 26. b6 Kd7 27. Rfc1 Rb8 28. Rc7+ Kd8 29. Rac1 Nd7 30. b7 Nb6 31. R1c6 h6 32. Be7+ Ke8 33. Rxb6 g6 34. Bf6 h5 35. Rc8+ Kd7 36. Rxb8 Kc7 37. Rc8+ Kxb6 38. b8Q+ Ka6 39. Rc7 Ka5 40. Ra7# 1-0

[Event "ECU-ch U16"]
[Site "Guayaquil"]
[Date "2019.04.17"]
[Round "2"]
[White "Fierro Leon, Pablo"]
[Black "Ramos Proano, Leonardo Josue"]
[Result "1-0"]
[WhiteElo "1400"]
[BlackElo "1563"]
[PlyCount "78"]
[EventDate "2019.04.17"]
[EventType "swiss"]
[EventRounds "9"]
[EventCountry "ECU"]
[SourceTitle "CBM 190 Extra"]
[Source "ChessBase"]
[SourceDate "2019.07.15"]
[SourceVersion "1"]
[SourceVersionDate "2019.07.15"]
[SourceQuality "1"]

1. d4 f5 2. c4 Nf6 3. Nc3 g6 4. Bg5 c6 5. Bxf6 exf6 6. a3 b6 7. g3 Bb7 8. Bg2 Qc7 9. Qb3 d6 10. Nh3 Bh6 11. f4 Nd7 12. 0-0 a6 13. Rfe1 0-0 14. e4 fxe4 15. Nxe4 c5 16. dxc5 Nxc5 17. Qc2 Rad8 18. Rad1 Bc6 19. Nxc5 dxc5 20. Rxd8 Rxd8 21. Bxc6 Qxc6 22. Qe2 Bf8 23. Nf2 Kf7 24. Ng4 Rd4 25. f5 b5 26. cxb5 axb5 27. fxg6+ hxg6 28. Rf1 Kg7 29. Nxf6 b4 30. Qe5 Rd8 31. Nh5+ Kg8 32. Rxf8+ Kxf8 33. Qg7+ Ke8 34. Nf6+ Qxf6 35. Qxf6 b3 36. Qxg6+ Kf8 37. Qf5+ Ke8 38. Qe6+ Kf8 39. Qf6+ Ke8 1-0

[Event "ECU-ch U16"]
[Site "Guayaquil"]
[Date "2019.04.17"]
[Round "1"]
[White "Ramos Proano, Leonardo Josue"]
[Black "Ocampo Pacheco, Brangel Bolivar"]
[Result "1-0"]
[WhiteElo "1563"]
[BlackElo "1074"]
[PlyCount "35"]
[EventDate "2019.04.17"]
[EventType "swiss"]
[EventRounds "9"]
[EventCountry "ECU"]
[SourceTitle "CBM 190 Extra"]
[Source "ChessBase"]
[SourceDate "2019.07.15"]
[SourceVersion "1"]
[SourceVersionDate "2019.07.15"]
[SourceQuality "1"]

1. e4 c5 2. f4 d6 3. Nf3 Nc6 4. Bc4 Bg4 5. Bxf7+ Kxf7 6. Ng5+ Ke8 7. Qxg4 g6 8. 0-0 Nf6 9. Qe6 Nd4 10. Qf7+ Kd7 11. Na3 Qe8 12. Qc4 a6 13. e5 b5 14. Qf7 Nh5 15. Qd5 e6 16. Qb7+ Kd8 17. Qxa8+ Ke7 18. exd6+ 1-0